Fr. Conceicao Rodrigues College of Engineering

Operational Amplifiers and Linear Intergrated CircuitsTheory of Applications (Record no. 33356)

MARC details
000 -LEADER
fixed length control field 00386nam a2200157Ia 4500
082 ## - DEWEY DECIMAL CLASSIFICATION NUMBER
Classification number 621.3815
100 ## - MAIN ENTRY--PERSONAL NAME
Personal name Fiore/ J.M.
250 ## - EDITION STATEMENT
Edition statement 4
245 ## - TITLE STATEMENT
Title Operational Amplifiers and Linear Intergrated CircuitsTheory of Applications
260 ## - PUBLICATION, DISTRIBUTION, ETC.
Name of publisher, distributor, etc. Jaico
Place of publication, distribution, etc. Bombay
Date of publication, distribution, etc. 1993
300 ## - PHYSICAL DESCRIPTION
Extent 502
546 ## - LANGUAGE NOTE
Language note ENGLISH
650 ## - SUBJECT ADDED ENTRY--TOPICAL TERM
Topical term or geographic name entry element Electrical Engineering
654 ## - SUBJECT ADDED ENTRY--FACETED TOPICAL TERMS
Focus term operational
942 ## - ADDED ENTRY ELEMENTS (KOHA)
Koha item type BOOK
Holdings
Withdrawn status Lost status Damaged status Not for loan Collection Home library Current library Date acquired Source of acquisition Cost, normal purchase price Total Checkouts Full call number Barcode Date last seen Cost, replacement price Price effective from Koha item type Date due Date last checked out
        CRC Fr. Agnel's C.Rodrigues College of Engineering Fr. Agnel's C.Rodrigues College of Engineering 17/03/2023 global books 1000.00   621.3815 6790 17/03/2023 1000.00 17/03/2023 BOOK    
        CRC Fr. Agnel's C.Rodrigues College of Engineering Fr. Agnel's C.Rodrigues- College of Engineering 17/03/2023 global books 1000.00 1 621.3815 7307 05/06/2023 1000.00 17/03/2023 BOOK 06/05/2009 05/06/2023